LIBRARY & INFORMATION CENTRE, KCAET, TAVANUR

ONLINE PUBLIC ACCESS CATALOGUE (OPAC)

Normal view MARC view
  • Uppal, J.S .

Entry Personal Name

Number of records used in: 1

001 - CONTROL NUMBER

  • control field: 1572

003 - CONTROL NUMBER IDENTIFIER

  • control field: OSt

005 - DATE AND TIME OF LATEST TRANSACTION

  • control field: 20160927161509.0

008 - FIXED-LENGTH DATA ELEMENTS

  • fixed length control field: 160927|| aca||aabn | a|a d

040 ## - CATALOGING SOURCE

  • Original cataloging agency: OSt
  • Transcribing agency: OSt

100 ## - HEADING--PERSONAL NAME

  • Personal name: Uppal, J.S .

670 ## - SOURCE DATA FOUND

  • Source citation: Work cat.: (OSt)7916: Uppal, J.S ., India`s Economic Problems: An Analytical approach , 1985.
free website counter